Online Catalogue and eLibrary

Studies in sinhala literacy : (Record no. 2944)

MARC details
000 -LEADER
fixed length control field 00544nam a2200193Ia 4500
005 - DATE AND TIME OF LATEST TRANSACTION
control field 20240605011826.0
008 - FIXED-LENGTH DATA ELEMENTS--GENERAL INFORMATION
fixed length control field 240331s9999 xx 000 0 und d
020 ## - INTERNATIONAL STANDARD BOOK NUMBER
ISBN 9559105035
082 ## - DDC Classification
Item Number - Author Mark DIS
Class No. 370
100 ## - MAIN ENTRY--PERSONAL NAME
Personal name Dissanayaka, J.B
245 #0 - TITLE STATEMENT
Title Studies in sinhala literacy :
Remainder of title traditional knowledge as reflected in folklore
250 ## - EDITION STATEMENT
Edition statement 1 st
260 ## - PUBLICATION, DISTRIBUTION, ETC.
Place of publication, distribution, etc. Colombo
Name of publisher, distributor, etc. National Association for Total Education
Date of publication, distribution, etc. 1990
300 ## - PHYSICAL DESCRIPTION
Extent (e.g. Volumes, Pages etc.) xii,100 p.,
650 ## - SUBJECT ADDED ENTRY--TOPICAL TERM
Topical term or geographic name entry element Education
650 ## - SUBJECT ADDED ENTRY--TOPICAL TERM
Topical term or geographic name entry element Sinhala Literacy
700 ## - ADDED ENTRY--PERSONAL NAME
Personal name Jayawardhana,W.
942 ## - Koha item type (Biblio)
Koha item type Books in Stacks (Lending)
Holdings
Lost status Damaged status Collection code Home library Current library Shelving location Date acquired Full call number Accession Number Item type
    Lending WERC Library WERC Library Social Science Cupboard 03/31/2024 370 DIS 3518 Books in Stacks (Lending)

© WERC Library